Minecraft Mobs: Phantom - Statistics

General Stats
  • This quiz has been taken 3 times
  • The average score is 5 of 9
Answer Stats
Question Answer % Correct
How many health points does a phantom have? 20
100%
What is a phantom's height in blocks? 0.5
67%
What is a phantom's width in blocks? 0.9
67%
What's the minimum Y-level a player has to be at for phantoms to spawn? 64
67%
What mob are phantoms scared of? Cat
67%
What item does a phantom drop? Phantom Membrane
67%
What's the maximum light level a blaze can spawn at? 11
33%
What advancement do you get when you kill two phantoms with one crossbow shot? Two Birds, One Arrow
33%
How many minutes does Time Since Last Rest have to be for phantoms to spawn? 60
0%
No matching quizzes found
Score Distribution
Percent of People with Each Score
Percentile by Number Answered
Your Score History
You have not taken this quiz